000 00668nam a2200253Ia 4500
003 OSt
005 20221005113632.0
006 a|||||r|||| 00| 0
007 ta
008 221004b |||||||| |||| 00| 0 per d
024 _a3920
037 _cTextual
040 _aCRL
_cCRL
_bper
041 _2per
_aper
082 _aU8.4.N1, 164N2
100 _aMohammad Ibrahim
_9624690
245 0 _aAataayaq West Asia
260 _c1921
300 _a88p.
_ccm.
650 _aASIA - DESCRIPTION AND TRAVEL
700 _a Zafar Hussain
_9624691
942 _hU8.4.N1, 164N2
_cTEXL
_2cc
999 _c1028827
_d1028827